| 000 | 005710000a22002050004500 | ||
|---|---|---|---|
| 999 |
_c49118 _d49118 |
||
| 001 | 1968 | ||
| 003 | CO-MdFUSB | ||
| 005 | 20170704165406.0 | ||
| 008 | 170704b xxu||||| |||| 00| 0 eng d | ||
| 020 | _a978-84-666-3045-0 | ||
| 040 | _cCO-MdBIC | ||
| 082 | 0 | 4 | _a863C F964c |
| 100 | 1 | _aFunke Cornelia | |
| 245 | 1 | 0 | _aEl capitán Barbaspín y su cuadrilla / Cornelia Funke; ilustraciones Kerstin Meyer ; traducción María Alonso |
| 250 | _a1a ed | ||
| 260 | _aBarcelona : Ediciones B | ||
| 300 | _a(30) P. | ||
| 650 | 1 | 4 | _aCuentos Infantiles Aleman |
| 942 | _cLGB | ||